书目信息 |
| 题名: |
工厂常用电气设备故障诊断与排除
|
|
| 作者: | 安顺合 主编 | |
| 分册: | ||
| 出版信息: | 北京 中国电力出版社 2002.03 |
|
| 页数: | 10, 775页 | |
| 开本: | 21cm | |
| 丛书名: | ||
| 单 册: | ||
| 中图分类: | TM07 | |
| 科图分类: | 73.1 | |
| 主题词: | 工厂--gong chang--电气设备--故障修复 | |
| 电子资源: | ||
| ISBN: | 7-5083-0829-8 | |
| 000 | 00678nam0 2200217 450 | |
| 001 | CAL 012002135858 | |
| 005 | 20060529105425.87 | |
| 010 | @a7-5083-0829-8@dCNY 48.00 | |
| 099 | @aCAL 012002135858 | |
| 100 | @a20011210d2002 ekmy0chiy0121 ea | |
| 101 | 0 | @achi |
| 102 | @aCN@b110000 | |
| 200 | 1 | @a工厂常用电气设备故障诊断与排除@Agong chang chang yong dian qi she bei gu zhang zhen duan yu bai chu@f安顺合主编 |
| 210 | @a北京@c中国电力出版社@d2002.03 | |
| 215 | @a10, 775页@c图@d21cm | |
| 606 | 0 | @a工厂@Agong chang@x电气设备@x故障修复 |
| 690 | @aTM07@v4 | |
| 692 | @a73.1@v3 | |
| 701 | 0 | @a安顺合@AAn Shunge@4主编 |
| 801 | 0 | @aCN@bWUL@c20060529 |
| 905 | @a10447@dTM07@eA686 | |
| 工厂常用电气设备故障诊断与排除/安顺合主编.-北京:中国电力出版社,2002.03 |
| 10, 775页:图;21cm |
| ISBN 7-5083-0829-8:CNY 48.00 |
| ● |
| 相关链接 |
|
|
|
正题名:工厂常用电气设备故障诊断与排除
索取号:TM07/A686
 
预约/预借
| 序号 | 登录号 | 条形码 | 馆藏地/架位号 | 状态 | 备注 |
| 1 | 602261 | 206022613 | 自科库301/301自科库 5排3列2层/ [索取号:TM07/A686] | 在馆 | |
| 2 | 602262 | 206022622 | 自科库301/301自科库 5排3列2层/ [索取号:TM07/A686] | 在馆 |